Devinez le jeu 3DS - Statistiques

Statistiques générales
  • Ce quiz a été pris 48 fois
  • Le résultat moyen est 7 sur 14
Statistiques - réponses
Par images Réponse % Correct
Mario Kart 7
92%
Animal Crossing New Leaf
69%
Luigi's Mansion 2
61%
New Super Mario Bros 2
50%
Pokémon Soleil et Lune
50%
Super Smash Bros
50%
Ocarina of Time
47%
Pokémon X et Y
47%
Super Mario 3D Land
42%
Majoras Mask
36%
Pokémon Rubis Oméga et Saphir Alpha
36%
A Link Between World
33%
Kirby Triple Deluxe
28%
Fire Emblem Awakening
19%
Aucun quiz correspondant
Distribution des résultats
% des personnes avec chaque résultat
Percentile par nombre de réponses
Votre historique - résultats
Vous n’avez pas pris ce quiz